000 00822nam a22002297a 4500
999 _c5548
_d5548
003 AR-CdUCM
008 190312b ||||| |||| 00| 0 spa d
040 _aMUNICIPALIDAD PROVINCIAL DEL CUSCO
_cBIBLIOTECA MUNICIPAL DEL CUSCO
041 _heng
082 _a301.153 /
_bJ67
100 _aJohnson, John J.
_916630
245 _aContinuidad y cambio en la América Latina /
260 _aMéxico, D.F :
_bUTEHA,
_c1967.
300 _a280 paginas ;
_c23 cm.
505 _aEl campesino Charles Wagley -- El trabajador rural Richard N. Adams -- El escritor Fred P. Ellison -- El artista Gilbert Chase ...
650 _aCondiciones sociales
_91132
650 _aCondiciones económicas
_91989
650 _aAmérica Latina
_91130
700 _aQuijano R., Rafael (traductor)
_916631
942 _2ddc
_cLIBROS
945 _aacv